The life of Muhammad : Translated from the Ismail Ragi A. Al Faruqi (Record no. 62939)
[ view plain ]
| 000 -LEADER | |
|---|---|
| fixed length control field | 00537nam a22001697a 4500 |
| 003 - CONTROL NUMBER IDENTIFIER | |
| control field | NUST - PNEC |
| 005 - DATE AND TIME OF LATEST TRANSACTION | |
| control field | 20170511114536.0 |
| 008 - FIXED-LENGTH DATA ELEMENTS--GENERAL INFORMATION | |
| fixed length control field | 150414b xxu||||| |||| 00| 0 eng d |
| 040 ## - CATALOGING SOURCE | |
| Transcribing agency | LIBRARY |
| 082 ## - DEWEY DECIMAL CLASSIFICATION NUMBER | |
| Classification number | 297.63 HAY |
| 100 ## - MAIN ENTRY--PERSONAL NAME | |
| 9 (RLIN) | 2481 |
| Personal name | Haykal,Muhammad Husein |
| 245 ## - TITLE STATEMENT | |
| Title | The life of Muhammad : Translated from the Ismail Ragi A. Al Faruqi |
| Statement of responsibility, etc. | Muhammad Husein Haykal |
| 260 ## - PUBLICATION, DISTRIBUTION, ETC. | |
| Place of publication, distribution, etc. | Kuala Lumpur: |
| Name of publisher, distributor, etc. | Islamic Book Trust, |
| Date of publication, distribution, etc. | c1993. |
| 300 ## - PHYSICAL DESCRIPTION | |
| Extent | 639 p. : |
| Dimensions | 22 cm. |
| 650 ## - SUBJECT ADDED ENTRY--TOPICAL TERM | |
| 9 (RLIN) | 2482 |
| Topical term or geographic name entry element | Islam, Muhammad(PBUH) Life |
| General subdivision | General |
| 942 ## - ADDED ENTRY ELEMENTS (KOHA) | |
| Source of classification or shelving scheme | |
| Koha item type | Book |
| Withdrawn status | Lost status | Source of classification or shelving scheme | Damaged status | Not for loan | Permanent Location | Current Location | Shelving location | Date acquired | Source of acquisition | Cost, normal purchase price | Total Checkouts | Full call number | Barcode | Date last seen | Cost, replacement price | Price effective from | Koha item type |
|---|---|---|---|---|---|---|---|---|---|---|---|---|---|---|---|---|---|
| Pakistan Navy Engineering College (PNEC) | Pakistan Navy Engineering College (PNEC) | 10/02/1994 | Pak American/Library / Reference Grant | 315.00 | 297.63 HAY | PNECLIB-017636 | 04/14/2015 | 315.00 | 10/02/1994 | Book | |||||||
| Pakistan Navy Engineering College (PNEC) | Pakistan Navy Engineering College (PNEC) | 01/02/1999 | Progressive International/Library/Reference Grant | 250.00 | 297.63 HAY | PNECLIB-020396 | 04/14/2015 | 250.00 | 01/02/1999 | Book |
